<?xml version="1.0" encoding="UTF-8"?>
<record
    xmlns:xsi="http://www.w3.org/2001/XMLSchema-instance"
    xsi:schemaLocation="http://www.loc.gov/MARC21/slim http://www.loc.gov/standards/marcxml/schema/MARC21slim.xsd"
    xmlns="http://www.loc.gov/MARC21/slim">

  <leader>03130nam a2200457Ii 4500</leader>
  <controlfield tag="001">DIGIBE1303</controlfield>
  <controlfield tag="003">NyNyDIG</controlfield>
  <controlfield tag="006">m     o  d        </controlfield>
  <controlfield tag="007">cr |||||||||||</controlfield>
  <controlfield tag="008">131001s1999    sp ab   ob    010 0 spa d</controlfield>
  <datafield tag="020" ind1=" " ind2=" ">
    <subfield code="a">9783865278852</subfield>
    <subfield code="q">(eBook)</subfield>
  </datafield>
  <datafield tag="020" ind1=" " ind2=" ">
    <subfield code="z">8495107155</subfield>
    <subfield code="q">(Iberoamericana) </subfield>
  </datafield>
  <datafield tag="020" ind1=" " ind2=" ">
    <subfield code="z">9788495107152</subfield>
    <subfield code="q">(Iberoamericana) </subfield>
  </datafield>
  <datafield tag="020" ind1=" " ind2=" ">
    <subfield code="z">3893543732</subfield>
    <subfield code="q">(Vervuert) </subfield>
  </datafield>
  <datafield tag="020" ind1=" " ind2=" ">
    <subfield code="z">9783893543731</subfield>
    <subfield code="q">(Vervuert)</subfield>
  </datafield>
  <datafield tag="035" ind1=" " ind2=" ">
    <subfield code="a">(OCoLC)888267285</subfield>
  </datafield>
  <datafield tag="040" ind1=" " ind2=" ">
    <subfield code="a">DGITA</subfield>
    <subfield code="b">eng</subfield>
    <subfield code="e">pn</subfield>
    <subfield code="c">DGITA</subfield>
  </datafield>
  <datafield tag="043" ind1=" " ind2=" ">
    <subfield code="a">cc-----</subfield>
  </datafield>
  <datafield tag="050" ind1="1" ind2="4">
    <subfield code="a">PC4838 eBook</subfield>
  </datafield>
  <datafield tag="245" ind1="0" ind2="3">
    <subfield code="a">El Caribe hisp&#xE1;nico  :</subfield>
    <subfield code="b">perspectivas ling&#xFC;&#xED;sticas actuales : homenaje a Manuel Alvarez Nazario /</subfield>
    <subfield code="c">[edici&#xF3;n de] Luis A. Ortiz L&#xF3;pez.</subfield>
  </datafield>
  <datafield tag="264" ind1=" " ind2="1">
    <subfield code="a">Madrid :</subfield>
    <subfield code="b">Iberoamericana ;</subfield>
    <subfield code="a">Frankfurt am Main :</subfield>
    <subfield code="b">Vervuert,</subfield>
    <subfield code="c">1999.</subfield>
  </datafield>
  <datafield tag="300" ind1=" " ind2=" ">
    <subfield code="a">1 online resource (350 pages) :</subfield>
    <subfield code="b">ill., maps </subfield>
  </datafield>
  <datafield tag="336" ind1=" " ind2=" ">
    <subfield code="a">text</subfield>
    <subfield code="b">txt</subfield>
    <subfield code="2">rdacontent</subfield>
  </datafield>
  <datafield tag="337" ind1=" " ind2=" ">
    <subfield code="a">computer</subfield>
    <subfield code="b">c</subfield>
    <subfield code="2">rdamedia</subfield>
  </datafield>
  <datafield tag="338" ind1=" " ind2=" ">
    <subfield code="a">online resource</subfield>
    <subfield code="b">cr</subfield>
    <subfield code="2">rdacarrier</subfield>
  </datafield>
  <datafield tag="490" ind1="1" ind2=" ">
    <subfield code="a">Lengua y sociedad en el mundo hisp&#xE1;nico =</subfield>
    <subfield code="a">Language and society in the Hispanic world;</subfield>
    <subfield code="v">v. 3.</subfield>
  </datafield>
  <datafield tag="505" ind1="0" ind2=" ">
    <subfield code="a">El sufijo -ico y las palabras ag&#xFC;e/awe y aguora/ahuora : rutas de evoluci&#xF3;n y entorno dialectol&#xF3;gico / John Lipski -- Diferentes grados de reestructuraci&#xF3;n en dos lenguas vern&#xE1;culas : el espa&#xF1;ol caribe&#xF1;o y el portugu&#xE9;s brasile&#xF1;o / John A. Holm, Gerardo A. Lorenzino y Heliana R. de Mello -- The preverbal marker a in a semi-creolized variety of non-standard Dominican Spanish / Katherine Green -- Anteposici&#xF3;n de sujeto en el espa&#xF1;ol del Caribe / Amparo Morales -- Innovaci&#xF3;n sint&#xE1;ctica en el espa&#xF1;ol del Caribe y los principios de la gram&#xE1;tica universal / Ana Teresa P&#xE9;rez Leroux -- En torno a la neutralidad gen&#xE9;rica del promombre '&#xE9;l' / Rafael A. N&#xFA;&#xF1;ez Cedeno. -- L&#xE9;xico marinero en el espa&#xF1;ol dominicano / Germ&#xE1;n de Granda -- Anglicismos en el l&#xE9;xico disponible de Puerto Rico / Humberto L&#xF3;pez Morales -- El vocabulario africano de Palenque (Colombia) / Armin Schwegler -- El l&#xE9;xico de las noticias televisadas de Puerto Rico / Mar&#xED;a Vaquero y Jos&#xE9; A. P&#xE9;rez ... [et al.] -- El espa&#xF1;ol afrocaribe&#xF1;o / William W. Megenney -- El sistema verbal del espa&#xF1;ol haitiano en Cuba / Luis A. Ortiz L&#xF3;pez -- Contacto ling&#xFC;&#xED;stico dominico-haitiano en Rep&#xFA;blica Contacto ling&#xFC;&#xED;stico dominico-haitiano en Rep&#xFA;blica Dominicana / Irene P&#xE9;rez Guerra -- Un manuscrito sobre la evangelizaci&#xF3;n en espa&#xF1;ol en Chibcha (1582-1586) / Manuel y Elena Alvar.</subfield>
  </datafield>
  <datafield tag="504" ind1=" " ind2=" ">
    <subfield code="a">Includes bibliographical references.</subfield>
  </datafield>
  <datafield tag="546" ind1=" " ind2=" ">
    <subfield code="a">In Spanish, with one contribution in English.</subfield>
  </datafield>
  <datafield tag="650" ind1=" " ind2="0">
    <subfield code="a">Spanish language</subfield>
    <subfield code="x">Dialects</subfield>
    <subfield code="z">Caribbean Area.</subfield>
  </datafield>
  <datafield tag="650" ind1=" " ind2="0">
    <subfield code="a">Languages in contact.</subfield>
  </datafield>
  <datafield tag="655" ind1=" " ind2="0">
    <subfield code="a">Electronic books.</subfield>
  </datafield>
  <datafield tag="700" ind1="1" ind2=" ">
    <subfield code="a">Alvarez Nazario, Manuel.</subfield>
  </datafield>
  <datafield tag="700" ind1="1" ind2=" ">
    <subfield code="a">Ortiz L&#xF3;pez, Luis A.</subfield>
  </datafield>
  <datafield tag="791" ind1="2" ind2=" ">
    <subfield code="a">Digitalia (Firm),</subfield>
    <subfield code="e">distributor.</subfield>
  </datafield>
  <datafield tag="830" ind1=" " ind2="0">
    <subfield code="a">Lengua y sociedad en el mundo hisp&#xE1;nico ;</subfield>
    <subfield code="v">3.</subfield>
  </datafield>
  <datafield tag="793" ind1="0" ind2=" ">
    <subfield code="g">Digitalia eBook Collection:</subfield>
    <subfield code="a">Iberoamericana/Vervuert.</subfield>
  </datafield>
  <datafield tag="856" ind1="4" ind2="0">
    <subfield code="3">Digitalia Hisp&#xE1;nica</subfield>
    <subfield code="u">https://www.digitaliapublishing.com/a/21020/</subfield>
  </datafield>
  <datafield tag="910" ind1=" " ind2=" ">
    <subfield code="a">Premium Collection: 2007-2012</subfield>
  </datafield>
  <datafield tag="942" ind1=" " ind2=" ">
    <subfield code="c">RAA</subfield>
  </datafield>
  <datafield tag="952" ind1=" " ind2=" ">
    <subfield code="0">0</subfield>
    <subfield code="1">0</subfield>
    <subfield code="4">0</subfield>
    <subfield code="7">0</subfield>
    <subfield code="8">DEH</subfield>
    <subfield code="a">BD-UIN</subfield>
    <subfield code="b">BD-UIN</subfield>
    <subfield code="d">2025-04-25</subfield>
    <subfield code="l">0</subfield>
    <subfield code="r">2025-04-25</subfield>
    <subfield code="w">2025-04-25</subfield>
    <subfield code="y">RAA</subfield>
  </datafield>
  <datafield tag="999" ind1=" " ind2=" ">
    <subfield code="c">237260</subfield>
    <subfield code="d">237260</subfield>
  </datafield>
</record>
